| 000 | 01062cam a2200289Mi 4500 | ||
|---|---|---|---|
| 001 | 85827 | ||
| 005 | 20230411090044.0 | ||
| 008 | 071210s2007 fr 000 0 fre d | ||
| 035 | _a(OCoLC)ocn183914535 | ||
| 040 |
_aTZT _cTZT |
||
| 020 | _a9782747212847 | ||
| 020 | _a274721284X | ||
| 029 | 0 |
_aTZT _bJTL00215166 |
|
| 035 | _a(OCoLC)183914535 | ||
| 049 | _aGRAL | ||
| 082 | 0 | 0 | _a330 |
| 110 | 2 | _aFIEF (Forum international économique et financier) | |
| 245 | 0 | 3 |
_aUn monde en mouvement : _bEnjeux et défis, 2007-2010 / _cforum international économique et financier ; sous la direction de Jacques Attali, Christian de Boissieu ; [contributions] Christine Lagarde, Olivier Appert, Noèel Forgeard, ... [et al.]. |
| 260 |
_aParis : _bEska, _c2007. |
||
| 300 | _a262 p. | ||
| 650 | 0 |
_aWorld Economy _aFinance _aGlobalization _aPerspectives. |
|
| 650 | 4 |
_aEconomía Mundial _aFinancieras _aGlobalización _aPerspectivas. |
|
| 938 |
_aJean Touzot Libraire Editeur _bTOUZ _nJTL00215166 _c20 EUR |
||
| 942 |
_2lcc _cbk |
||
| 994 |
_aC0 _bDRFGD |
||
| 946 | _aRdC | ||
| 999 |
_c111687 _d111687 |
||